[Event "Frederica Chess IM 2022"]
[Site "Fredericia"]
[Date "2022.05.25"]
[Round "1.1"]
[White "Easwaralingam, Adesh"]
[Black "Ramsdal, Jens Albert"]
[Result "1/2-1/2"]
[WhiteElo "2116"]
[BlackElo "2267"]
[PlyCount "71"]
[EventDate "2022.05.25"]
[EventType "tourn"]
[EventRounds "9"]
[EventCountry "DEN"]

1. e4 c5 2. Nf3 Nc6 3. Bb5 g6 4. O-O Bg7 5. c3 Nf6 6. Re1 O-O 7. d4 d5 8. e5
Ne4 9. Be3 cxd4 10. cxd4 Qb6 11. Bxc6 bxc6 12. Qc1 f6 13. Nc3 Nxc3 14. Qxc3 a5
15. Rac1 Bd7 16. e6 Bxe6 17. Qxc6 Ra6 18. Qc7 Re8 19. b3 Qxc7 20. Rxc7 Bg4 21.
Bd2 Kf7 22. Rc5 a4 23. Rxd5 axb3 24. axb3 Ra2 25. Bc3 Ra3 26. Rb5 Bf8 27. Nd2
Rc8 28. Bb4 Ra2 29. d5 Rc7 30. h3 Bf5 31. Nf3 Bd3 32. Rc5 Rb7 33. Rc3 Ba6 34.
Bc5 Rd7 35. Nd4 Rxd5 36. Ne6 1/2-1/2

[Event "Frederica Chess IM 2022"]
[Site "Fredericia"]
[Date "2022.05.25"]
[Round "1.2"]
[White "Vinther Schou, Uffe"]
[Black "Storme, Isak"]
[Result "1/2-1/2"]
[WhiteElo "2321"]
[BlackElo "2388"]
[PlyCount "37"]
[EventDate "2022.05.25"]
[EventType "tourn"]
[EventRounds "9"]
[EventCountry "DEN"]

1. Nf3 d5 2. b3 c5 3. Bb2 Nc6 4. e3 Nf6 5. Bb5 Qb6 6. Qe2 a6 7. Ba4 e6 8. O-O
Be7 9. Ne5 O-O 10. Bxc6 bxc6 11. Nc3 c4 12. Na4 Qb5 13. d3 cxb3 14. cxb3 Nd7
15. Rac1 c5 16. Nc3 Qb7 17. Na4 Qb5 18. Nc3 Qb7 19. Na4 1/2-1/2

[Event "Frederica Chess IM 2022"]
[Site "Fredericia"]
[Date "2022.05.25"]
[Round "1.3"]
[White "Thorsbro, Peter"]
[Black "Bogdanov, Egor"]
[Result "0-1"]
[WhiteElo "2192"]
[BlackElo "2415"]
[PlyCount "72"]
[EventDate "2022.05.25"]
[EventType "tourn"]
[EventRounds "9"]
[EventCountry "DEN"]

1. d4 g6 2. e4 Bg7 3. c4 d6 4. Nc3 e5 5. Be3 Nf6 6. Be2 exd4 7. Bxd4 Nc6 8. Be3
O-O 9. Nf3 Re8 10. Nd2 Nd7 11. Nb3 a5 12. O-O a4 13. Nd4 a3 14. b3 Nc5 15. Bf3
Be5 16. Qd2 Qh4 17. g3 Nxd4 18. Bxd4 Qf6 19. Bxe5 Qxf3 20. Qf4 Bg4 21. Bd4 Qxf4
22. gxf4 Nxe4 23. Nd5 c6 24. Nc7 Nd2 25. Nxa8 Rxa8 26. Bc3 Nxf1 27. Rxf1 Re8
28. Bb4 c5 29. Bxa3 Ra8 30. Bb2 Rxa2 31. Bf6 Be2 32. Re1 Kf8 33. Kg2 Ke8 34.
Kg3 Kd7 35. f5 gxf5 36. Kf4 Kc6 0-1

[Event "Frederica Chess IM 2022"]
[Site "Fredericia"]
[Date "2022.05.25"]
[Round "1.4"]
[White "Boe, Mads"]
[Black "Hilwerda, Jonas"]
[Result "1/2-1/2"]
[WhiteElo "2293"]
[BlackElo "2275"]
[PlyCount "75"]
[EventDate "2022.05.25"]
[EventType "tourn"]
[EventRounds "9"]
[EventCountry "DEN"]

1. Nf3 Nf6 2. d4 g6 3. g3 Bg7 4. Bg2 O-O 5. O-O d6 6. b3 b5 7. Bb2 Bb7 8. Nbd2
Nbd7 9. c4 bxc4 10. Nxc4 a5 11. Rc1 Ra6 12. Ne1 Bxg2 13. Nxg2 Qa8 14. Nge3 c5
15. dxc5 Nxc5 16. Bxf6 Bxf6 17. Nd5 Ne4 18. Nc7 Qb7 19. Nxa6 Qxa6 20. Qd3 Nc5
21. Qf3 Rb8 22. Rfd1 Kg7 23. Ne3 a4 24. bxa4 Qxa4 25. Qf4 Qa3 26. Qc4 Rb2 27.
Rc2 Rb4 28. Qd5 Qa7 29. Qd2 Rd4 30. Qe1 Ra4 31. Nd5 Rxa2 32. Rxa2 Qxa2 33. Nxf6
Kxf6 34. Qc3+ Ke6 35. Qe3+ Kf6 36. Qc3+ Ke6 37. Kf1 h5 38. Rd4 1/2-1/2

[Event "Frederica Chess IM 2022"]
[Site "Fredericia"]
[Date "2022.05.25"]
[Round "1.5"]
[White "Fries Nielsen, Jens Ove"]
[Black "Egilstoft, Rogvi"]
[Result "1-0"]
[WhiteElo "2370"]
[BlackElo "2334"]
[PlyCount "80"]
[EventDate "2022.05.25"]
[EventType "tourn"]
[EventRounds "9"]
[EventCountry "DEN"]

1. Nf3 b6 2. g3 Bb7 3. Bg2 g6 4. O-O Bg7 5. d3 e5 6. e4 Ne7 7. c4 O-O 8. Nc3 h6
9. d4 d6 10. Be3 f5 11. dxe5 dxe5 12. exf5 Nxf5 13. Nd2 Bxg2 14. Kxg2 Nc6 15.
Nde4 Ncd4 16. Qd3 Qe8 17. Nb5 Qc6 18. Bxd4 exd4 19. Kg1 Rae8 20. Nd2 a6 21. Na3
Re6 22. Nc2 Rfe8 23. Rae1 Qa4 24. Rxe6 Rxe6 25. a3 c5 26. b3 Qc6 27. Re1 Bf8
28. Re4 Rxe4 29. Nxe4 Kg7 30. Ne1 Qe6 31. Nf3 Be7 32. h4 a5 33. a4 Bd8 34. Kf1
Bc7 35. Nfd2 Qf7 36. Ke2 Qe6 37. Kd1 Ne7 38. Kc2 Nc6 39. Kb1 Nb4 40. Qf3 Nc6
1-0

[Event "Frederica Chess IM 2022"]
[Site "Fredericia"]
[Date "2022.05.26"]
[Round "2.2"]
[White "Easwaralingam, Adesh"]
[Black "Vinther Schou, Uffe"]
[Result "1/2-1/2"]
[WhiteElo "2116"]
[BlackElo "2321"]
[PlyCount "61"]
[EventDate "2022.05.25"]
[EventType "tourn"]
[EventRounds "9"]
[EventCountry "DEN"]

1. e4 c5 2. Nf3 e6 3. d4 cxd4 4. Nxd4 a6 5. Nc3 b5 6. Bd3 Qb6 7. Nb3 Qc7 8. O-O
d6 9. Bd2 Nf6 10. a4 b4 11. Na2 Bb7 12. Re1 d5 13. exd5 Nxd5 14. Qg4 Nc6 15.
Qc4 Be7 16. Be4 Nb6 17. Qe2 O-O 18. c3 bxc3 19. Nxc3 Nb4 20. Rac1 Bxe4 21. Nxe4
Qe5 22. Bc3 Qf4 23. Bd2 Qh4 24. a5 N6d5 25. Rc4 Rfc8 26. Nec5 Qf6 27. Bxb4 Nxb4
28. Rxb4 Bxc5 29. Nxc5 Rxc5 30. Qxa6 Qd8 31. Rd4 1/2-1/2

[Event "Frederica Chess IM 2022"]
[Site "Fredericia"]
[Date "2022.05.26"]
[Round "2.3"]
[White "Egilstoft, Rogvi"]
[Black "Bogdanov, Egor"]
[Result "0-1"]
[WhiteElo "2334"]
[BlackElo "2415"]
[PlyCount "88"]
[EventDate "2022.05.25"]
[EventType "tourn"]
[EventRounds "9"]
[EventCountry "DEN"]

1. e4 c5 2. c3 b6 3. Nf3 Bb7 4. Bc4 e6 5. Qe2 Nf6 6. e5 Nd5 7. d4 cxd4 8. cxd4
Bb4+ 9. Kf1 O-O 10. h4 Qc7 11. Bd2 Rc8 12. Bxb4 Nf4 13. Qc2 Qxc4+ 14. Qxc4 Rxc4
15. Bc3 Rc7 16. Bd2 Nd5 17. Rh3 Nc6 18. h5 Ba6+ 19. Kg1 Be2 20. Be3 Ncb4 21.
Na3 Nc2 22. Nxc2 Rxc2 23. Ng5 Bd3 24. h6 gxh6 25. Nf3 Nxe3 26. fxe3 Rxb2 27.
Rxh6 Rc8 28. Rh3 Rb1+ 29. Rxb1 Bxb1 30. a4 Bg6 31. Nh2 Kf8 32. Rf3 Rc4 33. a5
bxa5 34. Rf1 Rb4 35. Kf2 Rb1 36. Rxb1 Bxb1 37. Ke2 a4 38. Kd2 Be4 39. g3 h5 40.
Kc3 Kg7 41. Kb4 Bc6 42. Nf1 Kg6 43. e4 Bxe4 44. Kxa4 Bc6+ 0-1

[Event "Frederica Chess IM 2022"]
[Site "Fredericia"]
[Date "2022.05.26"]
[Round "2.4"]
[White "Boe, Mads"]
[Black "Thorsbro, Peter"]
[Result "1-0"]
[WhiteElo "2293"]
[BlackElo "2192"]
[PlyCount "67"]
[EventDate "2022.05.25"]
[EventType "tourn"]
[EventRounds "9"]
[EventCountry "DEN"]

1. e4 e5 2. Nc3 Nc6 3. Bc4 Nf6 4. d3 Bc5 5. a3 a5 6. Be3 d6 7. Bxc5 dxc5 8.
Nge2 O-O 9. O-O Nd4 10. Ng3 c6 11. Nce2 b5 12. Ba2 Qd6 13. c3 Nxe2+ 14. Qxe2
Be6 15. Bxe6 Qxe6 16. Nf5 g6 17. Ne3 Rad8 18. a4 Ra8 19. f4 exf4 20. Rxf4 Nh5
21. Rf3 Ng7 22. axb5 cxb5 23. Raf1 Rad8 24. Rf6 Qe5 25. Ng4 Qg5 26. Ne3 Qe5 27.
Qf2 Rd7 28. Nd5 c4 29. Rc6 Rd6 30. d4 Qe6 31. Rxd6 Qxd6 32. Nf6+ Kh8 33. Qh4 h5
34. Qg5 1-0

[Event "Frederica Chess IM 2022"]
[Site "Fredericia"]
[Date "2022.05.26"]
[Round "2.5"]
[White "Fries Nielsen, Jens Ove"]
[Black "Ramsdal, Jens Albert"]
[Result "0-1"]
[WhiteElo "2370"]
[BlackElo "2267"]
[PlyCount "90"]
[EventDate "2022.05.25"]
[EventType "tourn"]
[EventRounds "9"]
[EventCountry "DEN"]

1. d4 Nf6 2. Nc3 d5 3. Bf4 e6 4. Nb5 Na6 5. e3 c6 6. Nc3 b5 7. Bd3 b4 8. Na4
Qa5 9. b3 c5 10. dxc5 Bd7 11. Qe2 Nxc5 12. Nxc5 Qxc5 13. Be5 Bd6 14. Bd4 Qc7
15. f4 Bc5 16. Nf3 Bxd4 17. Nxd4 Qc3+ 18. Kf2 e5 19. fxe5 Ng4+ 20. Kg3 Qc7 21.
Bb5 Qxe5+ 22. Kf3 Qf6+ 23. Kg3 Qd6+ 24. Kf3 Rb8 25. Bxd7+ Qxd7 26. h3 Nf6 27.
g3 h5 28. Kg2 h4 29. g4 Ne4 30. Qf3 Rb6 31. Qf4 O-O 32. Rhf1 Rf6 33. Qe5 Re8
34. Qh2 Rxf1 35. Rxf1 Ng3 36. Rf3 Qc7 37. Qg1 Qc3 38. Qf2 Qa1 39. Qg1 Qxa2 40.
Qd1 Qa5 41. Nf5 Nxf5 42. gxf5 Qc5 43. Qd3 Rc8 44. Rf2 Qd6 45. Rf4 Rc3 0-1

[Event "Frederica Chess IM 2022"]
[Site "Fredericia"]
[Date "2022.05.26"]
[Round "3.1"]
[White "Bogdanov, Egor"]
[Black "Boe, Mads"]
[Result "1-0"]
[WhiteElo "2415"]
[BlackElo "2293"]
[PlyCount "77"]
[EventDate "2022.05.25"]
[EventType "tourn"]
[EventRounds "9"]
[EventCountry "DEN"]

1. e4 c6 2. d4 d5 3. e5 c5 4. dxc5 e6 5. a3 Bxc5 6. b4 Bb6 7. Nf3 Ne7 8. Bd3
Nbc6 9. Bb2 Ng6 10. b5 Na5 11. g3 Bd7 12. Nbd2 Rc8 13. Qe2 O-O 14. O-O a6 15.
a4 axb5 16. axb5 Bc5 17. h4 h6 18. Rfd1 b6 19. c4 dxc4 20. Nxc4 Nxc4 21. Bxc4
Re8 22. Bd3 Re7 23. Ra4 Qc7 24. Rg4 Be8 25. h5 Nf8 26. Bc1 Kh8 27. Qd2 Rd7 28.
Rxg7 Kxg7 29. Qxh6+ Kg8 30. Qg5+ Ng6 31. hxg6 fxg6 32. Kg2 Qd8 33. Qg4 Rxd3 34.
Rxd3 Qxd3 35. Qxe6+ Kg7 36. Qxc8 Bxb5 37. Bh6+ Kh7 38. Ng5+ Kxh6 39. Qh3+ 1-0

[Event "Frederica Chess IM 2022"]
[Site "Fredericia"]
[Date "2022.05.26"]
[Round "3.2"]
[White "Ramsdal, Jens Albert"]
[Black "Hilwerda, Jonas"]
[Result "1-0"]
[WhiteElo "2267"]
[BlackElo "2275"]
[PlyCount "83"]
[EventDate "2022.05.25"]
[EventType "tourn"]
[EventRounds "9"]
[EventCountry "DEN"]

1. Nf3 Nf6 2. c4 g6 3. Nc3 d5 4. cxd5 Nxd5 5. h4 Bg7 6. h5 Nxc3 7. bxc3 c5 8.
e4 Nc6 9. Be2 Bg4 10. Qb3 O-O 11. hxg6 hxg6 12. Ba3 b6 13. Rh4 Bxf3 14. gxf3 e6
15. Rh3 Qg5 16. Rg3 Qh4 17. O-O-O Be5 18. Rg2 Rfd8 19. Kb1 Na5 20. Qc2 c4 21.
Rf1 Qh6 22. Rd1 Bf4 23. Bc1 Rd7 24. e5 Rad8 25. Rdg1 Kg7 26. Qe4 Bxd2 27. Bb2
b5 28. Rg4 Qh5 29. Rh4 Qf5 30. Qxf5 exf5 31. Rgh1 b4 32. cxb4 c3 33. Ba3 c2+
34. Kxc2 Rc8+ 35. Kb1 Rc3 36. Bb2 Nb7 37. e6 Rdc7 38. Rd1 Bg5 39. Rc4 Rc6 40.
Rxc3 Rxc3 41. Bc4 Bf6 42. Bxc3 1-0

[Event "Frederica Chess IM 2022"]
[Site "Fredericia"]
[Date "2022.05.26"]
[Round "3.3"]
[White "Vinther Schou, Uffe"]
[Black "Fries Nielsen, Jens Ove"]
[Result "1/2-1/2"]
[WhiteElo "2321"]
[BlackElo "2370"]
[PlyCount "61"]
[EventDate "2022.05.25"]
[EventType "tourn"]
[EventRounds "9"]
[EventCountry "DEN"]

1. c4 Nf6 2. Nf3 e6 3. g3 d5 4. d4 Be7 5. Bg2 O-O 6. O-O Na6 7. Nc3 c6 8. Ne5
Nd7 9. Nxd7 Bxd7 10. Qb3 b5 11. cxb5 cxb5 12. a3 b4 13. axb4 Nxb4 14. e4 Bc6
15. exd5 Nxd5 16. Nxd5 Bxd5 17. Bxd5 exd5 18. Ra6 Bf6 19. Be3 Qd7 20. Rc1 Rfb8
21. Qa2 h5 22. Bf4 Rb4 23. Rd6 Qb5 24. Rxd5 Rxb2 25. Qc4 Qxc4 26. Rxc4 h4 27.
Kg2 hxg3 28. hxg3 a5 29. Ra4 Rb4 30. Raxa5 Rxa5 31. Rxa5 1/2-1/2

[Event "Frederica Chess IM 2022"]
[Site "Fredericia"]
[Date "2022.05.26"]
[Round "3.4"]
[White "Storme, Isak"]
[Black "Egilstoft, Rogvi"]
[Result "1-0"]
[WhiteElo "2388"]
[BlackElo "2334"]
[PlyCount "83"]
[EventDate "2022.05.25"]
[EventType "tourn"]
[EventRounds "9"]
[EventCountry "DEN"]

1. e4 e5 2. Nf3 Nc6 3. Bb5 a6 4. Ba4 Bc5 5. c3 Nge7 6. O-O Ba7 7. d4 Ng6 8. Bg5
f6 9. Be3 O-O 10. Nbd2 d6 11. Re1 Kh8 12. h3 Nce7 13. Nf1 c5 14. Ng3 b5 15. Bc2
Bb7 16. Qd2 Rc8 17. d5 Bb6 18. b3 c4 19. b4 Bxe3 20. Qxe3 f5 21. Nxf5 Nxf5 22.
exf5 Nf4 23. Rad1 Qd7 24. Qe4 g6 25. Nxe5 Qxf5 26. Qxf5 gxf5 27. Nc6 Rg8 28. g3
Nxh3+ 29. Kf1 Rcf8 30. Re7 Rg7 31. Rxg7 Kxg7 32. f4 Kf6 33. Kg2 Re8 34. Kxh3
Re2 35. Nd4 Re3 36. Bxf5 Rxc3 37. Be6 h5 38. Kh4 Ra3 39. Rd2 Re3 40. Nf5 Re1
41. Kxh5 c3 42. Rc2 1-0

[Event "Frederica Chess IM 2022"]
[Site "Fredericia"]
[Date "2022.05.26"]
[Round "3.5"]
[White "Thorsbro, Peter"]
[Black "Easwaralingam, Adesh"]
[Result "1/2-1/2"]
[WhiteElo "2192"]
[BlackElo "2116"]
[PlyCount "61"]
[EventDate "2022.05.25"]
[EventType "tourn"]
[EventRounds "9"]
[EventCountry "DEN"]

1. d4 Nf6 2. g3 d5 3. Bg2 e6 4. Nf3 Be7 5. O-O O-O 6. c4 dxc4 7. Qc2 a6 8. a4
Bd7 9. Rd1 Bc6 10. Nc3 Nbd7 11. e4 b5 12. d5 exd5 13. e5 Ne4 14. Nxd5 Bxd5 15.
Rxd5 c6 16. Rd1 Nec5 17. Nd4 Rc8 18. Nxc6 Qe8 19. axb5 axb5 20. Ra7 Nd3 21.
Nxe7+ Qxe7 22. Bh3 Rfd8 23. Be3 Ra8 24. Rda1 Rxa7 25. Rxa7 N3xe5 26. Qe4 Qd6
27. Bd4 Qxd4 28. Qxd4 Nf3+ 29. Kf1 Nxd4 30. Bxd7 g6 31. Rb7 1/2-1/2

[Event "Frederica Chess IM 2022"]
[Site "Fredericia"]
[Date "2022.05.27"]
[Round "4.1"]
[White "Easwaralingam, Adesh"]
[Black "Bogdanov, Egor"]
[Result "0-1"]
[WhiteElo "2116"]
[BlackElo "2415"]
[PlyCount "104"]
[EventDate "2022.05.25"]
[EventType "tourn"]
[EventRounds "9"]
[EventCountry "DEN"]

1. e4 g6 2. d4 Bg7 3. Nc3 d6 4. Be3 a6 5. Qd2 b5 6. h4 h6 7. Nh3 Nd7 8. O-O-O
Bb7 9. f3 c5 10. g4 Qc7 11. Nd5 Qc6 12. dxc5 dxc5 13. g5 h5 14. Be2 O-O-O 15.
Qa5 e6 16. Nc3 Ne7 17. Bxb5 axb5 18. Nxb5 Qb6 19. Qxb6 Nxb6 20. Rxd8+ Rxd8 21.
Bxc5 Ba6 22. Bxb6 Bxb5 23. Bxd8 Kxd8 24. f4 Be2 25. Re1 Bf3 26. Re3 Bg2 27. Nf2
f5 28. exf5 Nxf5 29. Rxe6 Nxh4 30. c3 Kd7 31. Ra6 Bb7 32. Rb6 Bc6 33. Rb8 Nf5
34. Kd2 h4 35. b4 Ne7 36. Rb6 Nd5 37. Ra6 Bxc3+ 38. Kc1 Nxf4 39. Ra7+ Kd6 40.
Rf7 Bd4 41. Ng4 Nh5 42. a3 h3 43. Rf1 Ke6 44. Kd2 Bg2 45. Rf8 Ke7 46. Rg8 Be4
47. b5 Bf5 48. Nh2 Be5 49. Nf1 Ng3 50. Nxg3 Bxg3 51. Ke3 h2 52. Rh8 Bg4 0-1

[Event "Frederica Chess IM 2022"]
[Site "Fredericia"]
[Date "2022.05.27"]
[Round "4.2"]
[White "Egilstoft, Rogvi"]
[Black "Ramsdal, Jens Albert"]
[Result "1-0"]
[WhiteElo "2334"]
[BlackElo "2267"]
[PlyCount "67"]
[EventDate "2022.05.25"]
[EventType "tourn"]
[EventRounds "9"]
[EventCountry "DEN"]

1. e4 c5 2. c3 Nf6 3. e5 Nd5 4. d4 cxd4 5. Nf3 d6 6. cxd4 Nc6 7. Bc4 dxe5 8.
dxe5 Be6 9. O-O g6 10. Qe2 Bg7 11. Ng5 O-O 12. Nxe6 fxe6 13. Nc3 Kh8 14. Rd1
Nxc3 15. bxc3 Qa5 16. Rb1 Rad8 17. Bb2 Nxe5 18. Bxe6 Rd6 19. Rxd6 exd6 20. Rd1
Qc5 21. c4 Re8 22. Bd5 b6 23. Kh1 Rf8 24. f3 Qc7 25. Ba3 h5 26. h3 Kh7 27. Qe4
Nf7 28. Qh4 Qd7 29. Be4 Qa4 30. Rd3 Qa5 31. Bxd6 Re8 32. Rd5 Qxa2 33. Bxg6+ Kh8
34. Qxh5+ 1-0

[Event "Frederica Chess IM 2022"]
[Site "Fredericia"]
[Date "2022.05.27"]
[Round "4.3"]
[White "Boe, Mads"]
[Black "Storme, Isak"]
[Result "1/2-1/2"]
[WhiteElo "2293"]
[BlackElo "2388"]
[PlyCount "74"]
[EventDate "2022.05.25"]
[EventType "tourn"]
[EventRounds "9"]
[EventCountry "DEN"]

1. d4 Nf6 2. Nf3 d5 3. c4 e6 4. cxd5 exd5 5. Nc3 c6 6. Bg5 Be7 7. e3 Bf5 8. Bd3
Bxd3 9. Qxd3 Nbd7 10. h3 O-O 11. Bf4 Ne8 12. O-O Bd6 13. Ne2 h6 14. Qc2 Qe7 15.
Rfe1 Bxf4 16. Nxf4 Nd6 17. Nd3 Rfe8 18. Rac1 Qe6 19. Nf4 Qf5 20. Qxf5 Nxf5 21.
Nd3 Nd6 22. Nfe5 Rad8 23. Nxd7 Rxd7 24. Rc2 h5 25. h4 f6 26. g3 Kf7 27. Kg2 g6
28. Rcc1 a5 29. a4 Rde7 30. b3 Ra8 31. Red1 Ra6 32. Rb1 Rb6 33. Rdc1 Re8 34.
Rb2 Ra8 35. Rd1 Re8 36. Rc1 Ra8 37. Rd1 Re8 1/2-1/2

[Event "Frederica Chess IM 2022"]
[Site "Fredericia"]
[Date "2022.05.27"]
[Round "4.4"]
[White "Vinther Schou, Uffe"]
[Black "Thorsbro, Peter"]
[Result "1-0"]
[WhiteElo "2321"]
[BlackElo "2192"]
[PlyCount "85"]
[EventDate "2022.05.25"]
[EventType "tourn"]
[EventRounds "9"]
[EventCountry "DEN"]

1. e4 e5 2. Nf3 Nc6 3. Nc3 Nf6 4. Bb5 a6 5. Bxc6 dxc6 6. O-O Bg4 7. h3 Bxf3 8.
Qxf3 Qd7 9. d3 Bc5 10. Bh6 O-O 11. Qg3 Ne8 12. Kh1 Qe6 13. Bd2 f6 14. Ne2 Bd6
15. Qe3 c5 16. a4 b6 17. a5 b5 18. f4 c4 19. d4 exf4 20. Nxf4 Bxf4 21. Rxf4 Nd6
22. Re1 Rfe8 23. Qf3 Nf7 24. Bc3 Rad8 25. Qg3 Rd7 26. d5 Qd6 27. Bxf6 Ne5 28.
Bxe5 Qxe5 29. Ref1 Rf7 30. Kh2 Rxf4 31. Qxf4 Qxf4+ 32. Rxf4 g5 33. Rg4 Re5 34.
h4 h6 35. hxg5 hxg5 36. Kg3 Kf7 37. Kf3 Kf6 38. Rg3 Re7 39. Ke3 Rh7 40. Rf3+
Kg6 41. e5 Rh1 42. Rf6+ Kg7 43. Rxa6 1-0

[Event "Frederica Chess IM 2022"]
[Site "Fredericia"]
[Date "2022.05.27"]
[Round "4.5"]
[White "Fries Nielsen, Jens Ove"]
[Black "Hilwerda, Jonas"]
[Result "1/2-1/2"]
[WhiteElo "2370"]
[BlackElo "2275"]
[PlyCount "63"]
[EventDate "2022.05.25"]
[EventType "tourn"]
[EventRounds "9"]
[EventCountry "DEN"]

1. e4 c5 2. Nf3 Nc6 3. d4 cxd4 4. Nxd4 Nf6 5. Nc3 e5 6. Nde2 Bc5 7. Be3 Bxe3 8.
fxe3 O-O 9. Qd2 d6 10. Ng3 Be6 11. Bd3 Nb4 12. O-O Nxd3 13. Qxd3 d5 14. exd5
Nxd5 15. Rad1 Nf6 16. Nce4 Nxe4 17. Qxe4 Qc7 18. Rf2 Rad8 19. Rdf1 f6 20. b3
Rd7 21. c4 Rfd8 22. Qf3 Rd2 23. Ne4 Rxf2 24. Qxf2 Bf7 25. Nc3 Rd3 26. Qc2 Bg6
27. Qc1 Qa5 28. Na4 Bh5 29. c5 Be2 30. Re1 Qd2 31. Qxd2 Rxd2 32. Nc3 1/2-1/2

[Event "Frederica Chess IM 2022"]
[Site "Fredericia"]
[Date "2022.05.27"]
[Round "5.1"]
[White "Bogdanov, Egor"]
[Black "Vinther Schou, Uffe"]
[Result "0-1"]
[WhiteElo "2415"]
[BlackElo "2321"]
[PlyCount "80"]
[EventDate "2022.05.25"]
[EventType "tourn"]
[EventRounds "9"]
[EventCountry "DEN"]

1. e4 c5 2. c3 Nf6 3. e5 Nd5 4. d4 cxd4 5. Nf3 Nc6 6. cxd4 d6 7. Bc4 Nb6 8. Bb5
Bd7 9. Nc3 dxe5 10. d5 Nb4 11. Bxd7+ Qxd7 12. O-O f6 13. Qb3 N4xd5 14. Rd1 e6
15. Be3 Rd8 16. Rac1 Nc8 17. Nb5 Bd6 18. Bc5 b6 19. Ba3 Bxa3 20. Rc7 Nxc7 21.
Rxd7 Rxd7 22. bxa3 Nxb5 23. Qxb5 Ke7 24. h4 h5 25. Qb4+ Nd6 26. Nd2 Rc8 27. g4
hxg4 28. h5 f5 29. Qb2 Nf7 30. Kg2 Rd4 31. Nb3 Rdc4 32. Nd2 Rc2 33. Qb4+ Nd6
34. Nf1 R8c4 35. Qe1 Ne4 36. Ne3 Rxf2+ 37. Kg1 Rc3 38. Nf1 Rcf3 39. Ne3 Nd2 40.
Nd5+ Kd6 0-1

[Event "Frederica Chess IM 2022"]
[Site "Fredericia"]
[Date "2022.05.27"]
[Round "5.2"]
[White "Storme, Isak"]
[Black "Easwaralingam, Adesh"]
[Result "1-0"]
[WhiteElo "2388"]
[BlackElo "2116"]
[PlyCount "73"]
[EventDate "2022.05.25"]
[EventType "tourn"]
[EventRounds "9"]
[EventCountry "DEN"]

1. e4 c5 2. Nf3 e6 3. d4 cxd4 4. Nxd4 Nc6 5. Nc3 Qc7 6. g3 a6 7. Bg2 Nf6 8. O-O
Nxd4 9. Qxd4 Bc5 10. Bf4 d6 11. Qd2 h6 12. Rad1 e5 13. Be3 Bxe3 14. fxe3 Be6
15. Qxd6 Rc8 16. Qb4 Qe7 17. Qa4+ Bd7 18. Qb3 b5 19. Nd5 Nxd5 20. exd5 Qd6 21.
Qd3 h5 22. h4 O-O 23. c3 Rc4 24. e4 Qc5+ 25. Kh2 b4 26. Rc1 bxc3 27. Rxc3 Rxc3
28. Qxc3 Qd6 29. Rc1 Bb5 30. Qc5 Qf6 31. Rc2 Qd8 32. d6 Re8 33. Bh3 Bd7 34. Qc7
Bxh3 35. Kxh3 Qxc7 36. dxc7 Rc8 37. b4 1-0

[Event "Frederica Chess IM 2022"]
[Site "Fredericia"]
[Date "2022.05.27"]
[Round "5.3"]
[White "Ramsdal, Jens Albert"]
[Black "Boe, Mads"]
[Result "1-0"]
[WhiteElo "2267"]
[BlackElo "2293"]
[PlyCount "113"]
[EventDate "2022.05.25"]
[EventType "tourn"]
[EventRounds "9"]
[EventCountry "DEN"]

1. Nf3 Nf6 2. c4 c6 3. g3 d5 4. Bg2 Bg4 5. h3 Bxf3 6. Bxf3 e6 7. O-O Bd6 8. Nc3
O-O 9. d4 Nbd7 10. Qd3 Re8 11. Bg2 Qe7 12. f4 a6 13. Bd2 b5 14. b3 Rab8 15. a4
b4 16. Nd1 c5 17. cxd5 exd5 18. e3 a5 19. Nf2 Rec8 20. Rac1 Qe6 21. e4 dxe4 22.
Nxe4 Nxe4 23. Bxe4 Qh6 24. Bf5 Rd8 25. Kg2 cxd4 26. Rc6 Qf6 27. Rfc1 g6 28. Be4
Qe7 29. Bf3 Nc5 30. Qc4 Ne6 31. Re1 Qd7 32. Bg4 Re8 33. f5 gxf5 34. Bxf5 Bf8
35. Kh2 Kh8 36. Re4 Rbc8 37. Rxc8 Qxc8 38. Qe2 Qc2 39. Re5 Qb2 40. Bd3 Ng7 41.
Rxe8 Nxe8 42. Kh1 Qa1+ 43. Be1 Nf6 44. Kg2 Qc1 45. Bf2 Qc5 46. Qf3 Bg7 47. Qa8+
Ng8 48. Qe4 Nf6 49. Qxd4 Qc6+ 50. Kh2 Qf3 51. Qe3 Qh5 52. Be2 Qf5 53. Qf3 Qc2
54. Qd3 Qb2 55. Kg2 Qc3 56. Qd8+ Ng8 57. Bc4 1-0

[Event "Frederica Chess IM 2022"]
[Site "Fredericia"]
[Date "2022.05.27"]
[Round "5.4"]
[White "Thorsbro, Peter"]
[Black "Fries Nielsen, Jens Ove"]
[Result "1-0"]
[WhiteElo "2192"]
[BlackElo "2370"]
[PlyCount "93"]
[EventDate "2022.05.25"]
[EventType "tourn"]
[EventRounds "9"]
[EventCountry "DEN"]

1. d4 Nf6 2. Nf3 e6 3. Bf4 b6 4. e3 Bb7 5. Bd3 Bd6 6. Bxd6 cxd6 7. Nbd2 d5 8.
Qe2 O-O 9. h4 Qc8 10. g4 Ba6 11. g5 Ne4 12. h5 d6 13. g6 fxg6 14. hxg6 h6 15.
Rh4 Nxd2 16. Kxd2 Bxd3 17. cxd3 Nc6 18. Ng5 Nb4 19. Rc1 Qd8 20. f4 Rc8 21. Qg4
Re8 22. Nf7 Qd7 23. Nxh6+ gxh6 24. Rxh6 Qb5 25. Rh8+ Kg7 26. Rh7+ Kg8 27. Rh8+
Kg7 28. Rh7+ Kg8 29. Rxc8 Qxd3+ 30. Ke1 Qxe3+ 31. Kf1 Rxc8 32. Rh8+ Kg7 33.
Rh7+ Kg8 34. Rh8+ Kg7 35. Rxc8 Nd3 36. Rc7+ Kg8 37. Rc8+ Kg7 38. Rc7+ Kg8 39.
Qh4 Qf3+ 40. Kg1 Qe3+ 41. Kh2 Qe2+ 42. Kg3 Qe3+ 43. Kg4 Qxf4+ 44. Kh5 Qf3+ 45.
Kg5 Qe3+ 46. Kf6 Qf3+ 47. Ke7 1-0

[Event "Frederica Chess IM 2022"]
[Site "Fredericia"]
[Date "2022.05.27"]
[Round "5.5"]
[White "Hilwerda, Jonas"]
[Black "Egilstoft, Rogvi"]
[Result "1-0"]
[WhiteElo "2275"]
[BlackElo "2334"]
[PlyCount "81"]
[EventDate "2022.05.25"]
[EventType "tourn"]
[EventRounds "9"]
[EventCountry "DEN"]

1. e4 a6 2. d4 b5 3. Nf3 Bb7 4. Bd3 e6 5. Qe2 c5 6. c3 d5 7. e5 Nc6 8. Be3 Qb6
9. Nbd2 Nh6 10. Bxh6 gxh6 11. Qe3 b4 12. O-O a5 13. a3 Ba6 14. Bxa6 cxd4 15.
cxd4 Rxa6 16. Rfc1 Bg7 17. Nb3 O-O 18. Nc5 Ra7 19. Ne1 Rc8 20. Ned3 Rac7 21.
Rc2 Kh8 22. Rac1 Bf8 23. a4 Qa7 24. g4 Be7 25. Kf1 Kg7 26. Kg2 Kg8 27. Kg3 Kh8
28. h4 Qa8 29. Kh3 Rg8 30. Nb3 Qa6 31. Nf4 Bd8 32. Nh5 Rg6 33. f4 Qc8 34. Qd3
f5 35. exf6 Bxf6 36. Nxa5 e5 37. f5 Rxg4 38. Kxg4 e4 39. Qb5 Qg8+ 40. Kh3 Qc8
41. Qxd5 1-0

[Event "Frederica Chess IM 2022"]
[Site "Fredericia"]
[Date "2022.05.28"]
[Round "6.1"]
[White "Storme, Isak"]
[Black "Ramsdal, Jens Albert"]
[Result "1-0"]
[WhiteElo "2388"]
[BlackElo "2267"]
[PlyCount "55"]
[EventDate "2022.05.25"]
[EventType "tourn"]
[EventRounds "9"]
[EventCountry "DEN"]

1. e4 c5 2. Nf3 Nc6 3. Bb5 g6 4. O-O Bg7 5. c3 e5 6. d4 exd4 7. cxd4 cxd4 8.
Bf4 Nge7 9. Bd6 O-O 10. Nbd2 b6 11. a4 Bb7 12. Bc4 Nc8 13. Bxf8 Qxf8 14. Re1
Nb4 15. Qb3 a5 16. e5 d5 17. Bb5 Na7 18. Nxd4 Qc5 19. N2f3 Nxb5 20. axb5 Qc4
21. Qe3 Qd3 22. Qf4 Rf8 23. Re3 g5 24. Nxg5 Qd2 25. Nf5 f6 26. exf6 Bxf6 27.
Nh6+ Kh8 28. Ngf7+ 1-0

[Event "Frederica Chess IM 2022"]
[Site "Fredericia"]
[Date "2022.05.28"]
[Round "6.2"]
[White "Bogdanov, Egor"]
[Black "Hilwerda, Jonas"]
[Result "0-1"]
[WhiteElo "2415"]
[BlackElo "2275"]
[PlyCount "98"]
[EventDate "2022.05.25"]
[EventType "tourn"]
[EventRounds "9"]
[EventCountry "DEN"]

1. e4 c5 2. Nf3 Nc6 3. Bb5 g6 4. O-O Bg7 5. c3 e5 6. d4 cxd4 7. cxd4 exd4 8.
Bf4 a6 9. Bc4 d6 10. Nbd2 Nf6 11. Re1 O-O 12. e5 dxe5 13. Nxe5 Na5 14. Be2 Bf5
15. Nb3 Nxb3 16. Qxb3 Be6 17. Qxb7 Nd5 18. Nc6 Qd7 19. Qxd7 Bxd7 20. Ne5 Nxf4
21. Nxd7 Rfd8 22. Bf3 Rac8 23. Ne5 Bxe5 24. Rxe5 Rc2 25. Rd1 d3 26. Kf1 Rxb2
27. Re4 g5 28. h4 h6 29. Ra4 Rc8 30. Rxa6 Rcc2 31. Rxh6 g4 32. Be4 f5 33. Bc6
Rxf2+ 34. Kg1 g3 35. Kh1 Ne2 36. Rd6 Nc3 37. R6xd3 Nxd1 38. Rxd1 Rb4 39. Kg1
Kg7 40. h5 Rxa2 41. Rf1 f4 42. Rd1 Rab2 43. Kf1 Rb1 44. Rxb1 Rxb1+ 45. Ke2 Rb3
46. Bd5 Re3+ 47. Kf1 Kh6 48. Bf7 f3 49. Bc4 Rc3 0-1